Latin Quiz 4 - Statistics

General Stats
  • This quiz has been taken 25 times
  • The average score is 3 of 15
Answer Stats
Hint Answer % Correct
quando...? When...?
86%
Nos We, us
76%
porta portare; F.; gate
24%
Prope Acc., near
14%
quamquam Although
10%
se Himself, herself, itself, themselves
10%
olfacio Olfacere; to smell
10%
Pono Ponere, place, put
10%
Paratus Ready, prepared
10%
quocum...? With whom...?
10%
Raeda Carriage F.
5%
Raedarius Coachman M.
5%
quomondo...? In what way...?
5%
rogo Rogare; to ask
5%
Soleo Solere, be in the habit of
5%
No matching quizzes found
Score Distribution
Percent of People with Each Score
Percentile by Number Answered
Your Score History
You have not taken this quiz